000
00265nam a22001217a 4500
008
181029b xxu||||| |||| 00| 0 eng d
041
_a
eng
080
_a
620
100
_a
27
101
_a
MEK
245
_a
Radio Engineers Handbook
_c
Terman,F.E
942
_2
udc
_c
BK
999
_c
51035
_d
51035